What are the Breweries of Maine? Quiz Stats

 Plays Quiz not verified by Sporcle

Support Sporcle.
Go Orange.
Score 0/58 Timer 20:00
0 Plays Today
% Correct
Allagash
100%
Shipyard
83.3%
Foundation
66.7%
Atlantic
50%
Baxter
50%
Bissell
50%
Funky Bow
50%
Oxbow
50%
Rising Tide
50%
Sebago
50%
SoMe
50%
Sunday River
50%
Austin Street
33.3%
Banded Horn
33.3%
Barreled Souls
33.3%
Battery Steele
33.3%
Bigelow
33.3%
Black Bear
33.3%
Belfast Bay
33.3%
Blank Canvas
33.3%
Boothbay
33.3%
Bunker
33.3%
Fore River
33.3%
Friar's
33.3%
Hidden Cove
33.3%
Liquid Riot
33.3%
Kennebec River
33.3%
The Liberal Cup
33.3%
Maine Beer
33.3%
% Correct
Marsh Island
33.3%
Marshall Wharf
33.3%
Mason's
33.3%
Monhegan
33.3%
Northern Maine
33.3%
Orono
33.3%
Oak Pond
33.3%
Penobscot Bay
33.3%
Rock Harbor
33.3%
Sea Dog
33.3%
Strong
33.3%
Tributary
33.3%
Andrew's
16.7%
Bray's
16.7%
Deep Water
16.7%
Dirigo
16.7%
D.L. Geary
16.7%
Geaghan Brothers
16.7%
Gneiss
16.7%
Gritty McDuff’s
16.7%
The Inn on Peaks Island
16.7%
Kennebunk
16.7%
Lively
16.7%
Mast Landing
16.7%
Peak Organic
16.7%
Pennesseewassee
16.7%
Run of the Mill Public House
16.7%
Sheepscot Valley
16.7%
Tumbletown
16.7%

You're not logged in!

Compare scores with friends on all Sporcle quizzes.
OR
Log In

From the Vault

15 Categories: Letter 'B' Blitz II

by Flick

Yes, the "B" might stand for blitz, why are you asking?
Remove Ads.
Support Sporcle.
Get the best of Sporcle when you Go Orange. This ad-free experience offers more features, more stats, and more fun while also helping to support Sporcle. Thank you for becoming a member.

Show Comments

Extras

Top Quizzes Today


Score Distribution

Your Account Isn't Verified!

In order to create a playlist on Sporcle, you need to verify the email address you used during registration. Go to your Sporcle Settings to finish the process.

Report this User

Report this user for behavior that violates our Community Guidelines.

Details: